000 00504nam a2200193Ia 4500
005 20240823050550.0
008 240823s9999||||xx |||||||||||||| ||und||
020 _a81-7008-626-4
041 _aENGLISH
082 _A004.6 Q3
100 _aAhmar Abbas
245 0 _aGRID COMPUTING : A Practical Guide to Technology and Application
250 _a1st
260 _c2013
_bFirewall
_aNewDelhi
500 _aTRANSFERED
650 _aGird Computing
_bComputer Science
942 _cBK
999 _c217546
_d217546